[Event "Druzynowe Mistrzostwa Polski Juniorow 2019 - II Liga"]
[Site "Szczyrk"]
[Date "1899-12-30"]
[Round "6.72"]
[White "Zalewska, Malgorzata"]
[Black "Skolska, Emilia"]
[Result "0-1"]
[WhiteTitle "I"]
[BlackTitle "I"]
[WhiteElo "1000"]
[BlackElo "1359"]

1. e4 e5 2. Nf3 Nc6 3. Bc4 Bc5 4. c3 d6 5. d4 exd4 6. cxd4 Bb6 7. h3 Nf6 8. Nc3
O-O 9. O-O Nxe4 10. Nxe4 d5 11. Bg5 f6 12. Bxf6 gxf6 13. Bb3 Kh8 14. Ng3 Rg8 15.
Re1 Qd6 16. Kh2 Be6 17. a3 Rae8 18. Bc2 Rxg3 19. Kh1 Rgg8 20. b4 Ne7 21. Nh4 Qd7
22. Qf3 Bxd4 23. Rad1 Be5 24. Qh5 Rg7 25. Nf3 Bf7 26. Qh4 Qd6 27. Nxe5 fxe5 28.
Re3 Bg6 29. Bxg6 Nxg6 30. Qh5 Rf8 31. Qe2 Nf4 32. Qb2 Rxg2 33. Rf3 Rg7 34. Re1
e4 35. Rg3 Qf6 36. Qxf6 Rxf6 37. Rxg7 Kxg7 38. Rg1+ Kh6 39. Rg3 Ne2 40. Re3 Rxf2
41. Rb3 d4 42. h4 d3 43. Rb1 d2 44. a4 Nc3 45. Rg1 d1=Q 46. Rxd1 Nxd1 47. b5 e3
48. a5 e2 49. Kg1 e1=R# 0-1

[Event "Druzynowe Mistrzostwa Polski Juniorow 2019 - II Liga"]
[Site "Szczyrk"]
[Date "1899-12-30"]
[Round "6.73"]
[White "Strzelecki, Maciej"]
[Black "Piekielny, Pawel"]
[Result "1/2-1/2"]
[WhiteTitle "k"]
[BlackTitle "I++"]
[WhiteElo "1955"]
[BlackElo "1985"]

1. e4 e6 2. d4 d5 3. Nd2 Nf6 4. e5 Nfd7 5. Bd3 c5 6. c3 Nc6 7. Ne2 cxd4 8. cxd4
f6 9. exf6 Nxf6 10. O-O Bd6 11. Nf3 O-O 12. Bf4 Bxf4 13. Nxf4 Ng4 14. Qd2 Qf6
15. Nh5 Qh6 16. Qxh6 Nxh6 17. Rad1 Bd7 18. Rfe1 g6 19. Ng3 Nf7 20. h4 Kg7 21.
Bb5 Rac8 22. h5 g5 23. Rc1 Rfe8 24. b4 h6 25. Bxc6 Bxc6 26. Ne5 Nxe5 27. Rxe5
Kf6 28. Rc3 Bd7 29. Rf3+ Kg7 30. Rfe3 Red8 31. Ne2 Rf8 32. f4 gxf4 33. Rf3 Rc4
34. Nxf4 Rf6 35. Nxd5 Rxf3 36. gxf3 Rxd4 37. Nc3 Rxb4 38. Ne4 b6 39. f4 Bc6 40.
Nd6 Kf6 41. Re3 Rxf4 42. Rg3 Ke5 43. Nc8 Rf7 44. Ra3 Rc7 45. Nxa7 Bd7 46. Ra6
Kf5 47. a4 Rb7 48. Nb5 Bxb5 49. axb5 e5 50. Kf2 Ke4 51. Ke2 Kd5 52. Ke3 Kc5 53.
Ra8 Rg7 54. Rh8 Kxb5 55. Rxh6 Rg5 56. Rh8 Kb4 57. h6 Rh5 58. h7 b5 59. Ke4 Kb3
60. Rb8 Rxh7 61. Rxb5+ 1/2-1/2

[Event "Druzynowe Mistrzostwa Polski Juniorow 2019 - II Liga"]
[Site "Szczyrk"]
[Date "1899-12-30"]
[Round "6.74"]
[White "Golinski, Kacper"]
[Black "Guzik, Natalia"]
[Result "1-0"]
[WhiteTitle "I"]
[BlackTitle "I++"]
[WhiteElo "1761"]
[BlackElo "1638"]

1. e4 c5 2. Nf3 Nc6 3. d4 cxd4 4. Nxd4 g6 5. c4 d6 6. Nc3 Nf6 7. Be2 Nxd4 8. Qxd4
Bg7 9. Be3 O-O 10. Qd2 Bd7 11. f3 Bc6 12. O-O Qd7 13. b4 b6 14. a4 Qb7 15. b5
Bd7 16. a5 bxa5 17. Rxa5 a6 18. b6 Rfc8 19. Bd4 Be6 20. Nd5 Bxd5 21. cxd5 Nd7
22. Be3 Bc3 23. Qa2 Bxa5 24. Qxa5 Rc2 25. Bd1 Rb2 26. Ba4 Ra2 27. Qb4 Rd8 28.
Bc6 Qb8 29. b7 Nc5 30. Qc4 Ra3 31. Bxc5 dxc5 32. Qxc5 Qd6 33. Qxd6 exd6 34. Bd7
Rb8 35. Rb1 Rc3 36. Rb6 Rc7 37. Bc8 Rcxc8 38. bxc8=Q+ Rxc8 39. Rxa6 Rd8 40. Kf2
Kg7 41. Ke3 Kf6 42. Ra7 g5 43. g3 h5 44. f4 gxf4+ 45. Kxf4 Kg6 46. h3 f6 47. Rb7
Kh6 48. Kf5 Rg8 49. Kxf6 Rxg3 50. Ke6 Rg6+ 51. Kf5 h4 52. Rb8 Rg5+ 53. Kf4 Re5
54. Rh8+ Kg6 55. Rxh4 Kg7 56. Rg4+ Kh6 57. Rg8 Re7 58. Rd8 Kh5 59. Rxd6 1-0

[Event "Druzynowe Mistrzostwa Polski Juniorow 2019 - II Liga"]
[Site "Szczyrk"]
[Date "1899-12-30"]
[Round "6.75"]
[White "Wojtasik, Szymon"]
[Black "Szymczak, Krzysztof"]
[Result "1-0"]
[WhiteTitle "II"]
[BlackTitle "II"]
[WhiteElo "1511"]
[BlackElo "1157"]

1. e4 c5 2. Nf3 Nc6 3. d4 cxd4 4. Nxd4 d6 5. Nc3 Nf6 6. g3 Bd7 7. Bg2 g6 8. Nde2
Bg7 9. O-O O-O 10. h3 a6 11. a4 Qc7 12. Be3 Rac8 13. Nf4 Be6 14. b3 Rfd8 15. Ncd5
Bxd5 16. exd5 Ne5 17. c4 Re8 18. Rc1 Ned7 19. Ne2 e5 20. dxe6 fxe6 21. Nd4 Ne5
22. Qd2 Nc6 23. b4 Qd7 24. b5 Nxd4 25. Bxd4 axb5 26. axb5 Qe7 27. Qb4 Red8 28.
Ra1 Ra8 29. Ra3 Rxa3 30. Qxa3 e5 31. Be3 Qc7 32. Rc1 Bf8 33. Qa7 Rd7 34. Qa8 b6
35. Bc6 Rd8 36. Qa2 Kg7 37. Ra1 Rc8 38. Qa7 Qxa7 39. Rxa7+ Kh8 40. Bxb6 Ne8 41.
Rf7 Bg7 42. Ba5 Rb8 43. g4 h6 44. h4 Nf6 45. f3 Kg8 46. Rc7 g5 47. hxg5 hxg5 48.
b6 Ne8 49. Bxe8 Rxe8 50. b7 e4 51. Rc8 Bd4+ 52. Kf1 Rxc8 53. bxc8=Q+ 1-0

[Event "Druzynowe Mistrzostwa Polski Juniorow 2019 - II Liga"]
[Site "Szczyrk"]
[Date "1899-12-30"]
[Round "6.76"]
[White "Lamek, Dawid"]
[Black "Chrobot, Tomasz"]
[Result "1-0"]
[WhiteTitle "II"]
[BlackTitle "III"]
[WhiteElo "1070"]
[BlackElo "1246"]

1. d4 c5 2. d5 e5 3. c4 d6 4. Nc3 g6 5. e4 Bg7 6. Be3 Nf6 7. f3 O-O 8. Qd2 Ne8
9. g4 f6 10. h4 Rf7 11. O-O-O Na6 12. Bh6 Nac7 13. Bxg7 Kxg7 14. g5 f5 15. h5
f4 16. hxg6 hxg6 17. Qh2 Kf8 18. Qh8+ Ke7 19. Rh7 Ng7 20. Qxd8+ Kxd8 21. Rh6 Nh5
22. Rxg6 Rh7 23. Rxd6+ Ke7 24. Rh6 Rxh6 25. gxh6 1-0

[Event "Druzynowe Mistrzostwa Polski Juniorow 2019 - II Liga"]
[Site "Szczyrk"]
[Date "1899-12-30"]
[Round "6.77"]
[White "Matyjasek, Michalina"]
[Black "Jedras, Adrianna"]
[Result "1-0"]
[WhiteTitle "I"]
[BlackTitle "I"]
[WhiteElo "1323"]
[BlackElo "1367"]

1. d4 Nf6 2. c4 e6 3. Nf3 Bb4+ 4. Nbd2 O-O 5. e3 b6 6. Bd3 Bb7 7. O-O d5 8. a3
Bxd2 9. Bxd2 dxc4 10. Bxc4 Nbd7 11. Qe2 c5 12. Rfd1 Qe7 13. b4 cxd4 14. Nxd4 Ne4
15. Be1 Ne5 16. Bb3 Qg5 17. f4 Qf6 18. fxe5 Qxe5 19. Rac1 Rac8 20. Qb5 Qf6 21.
Rxc8 Rxc8 22. Qd7 Ba6 23. b5 Nc5 24. Qxa7 Bxb5 25. Nxb5 Nxb3 26. Qxb6 h6 27. Nd6
Rc3 28. Ne4 Qe7 29. Qd8+ 1-0

[Event "Druzynowe Mistrzostwa Polski Juniorow 2019 - II Liga"]
[Site "Szczyrk"]
[Date "1899-12-30"]
[Round "6.78"]
[White "Golinska, Patrycja"]
[Black "Zajac, Aleksandra"]
[Result "1-0"]
[WhiteTitle "I"]
[BlackTitle "II"]
[WhiteElo "1197"]
[BlackElo "1136"]

1. e4 c6 2. d4 d5 3. exd5 cxd5 4. Nc3 g6 5. Nf3 Bg7 6. Be2 Nc6 7. O-O Nh6 8. Bxh6
Bxh6 9. Re1 O-O 10. a3 Bg7 11. Qd3 a6 12. Ng5 f6 13. Nf3 Qd6 14. Qd2 Bd7 15. Bd3
e5 16. dxe5 fxe5 17. Bc4 Be6 18. Bxd5 Rad8 19. Bxe6+ Qxe6 20. Qe3 Rd7 21. Ng5
Qe7 22. Nf3 Qe6 23. Ne4 Qc4 24. Nc3 Qf4 25. Qc5 g5 26. Nd5 Qg4 27. Ne3 Qf4 28.
Nd5 Qg4 29. h3 Qh5 30. Re4 h6 31. Ne3 Qg6 32. Qc4+ Kh7 33. Rg4 Rf4 34. Rxf4 exf4
35. Nd5 Bxb2 36. Ra2 Bg7 37. Nb6 Re7 38. Nd5 Qe6 39. Qd3+ Qe4 40. Nxe7 Qxd3 41.
cxd3 Nxe7 42. Rc2 Nc6 43. Rd2 Bf8 44. a4 Kg6 45. Rb2 Na5 46. Rb6+ Kf5 47. Kf1
h5 48. Ke2 g4 49. hxg4+ hxg4 50. Nd4+ Ke5 51. Nb3 Nxb3 52. Rxb3 b5 53. axb5 axb5
54. Rxb5+ Kf6 55. g3 fxg3 56. fxg3 Ba3 57. Ke3 Bc1+ 58. Ke4 Kg6 59. d4 Bd2 60.
Rb6+ Kh5 61. Kf5 Be3 62. Rb7 Bd2 63. d5 Be3 64. d6 Bh6 65. Rb1 1-0

[Event "Druzynowe Mistrzostwa Polski Juniorow 2019 - II Liga"]
[Site "Szczyrk"]
[Date "1899-12-30"]
[Round "6.79"]
[White "Radecki, Adam"]
[Black "Kijkowski, Michal"]
[Result "0-1"]
[WhiteTitle "I"]
[BlackTitle "I"]
[WhiteElo "1803"]
[BlackElo "1789"]

1. e4 c5 2. Nf3 d6 3. d3 g6 4. g3 Bg7 5. Bg2 Nf6 6. O-O O-O 7. Nbd2 Nc6 8. Nh4
Rb8 9. f4 Bg4 10. Nhf3 Nd7 11. h3 Bxf3 12. Nxf3 b5 13. g4 a5 14. Ng5 h6 15. Nf3
a4 16. Rb1 Nb4 17. c3 Nxa2 18. f5 Nxc1 19. Qxc1 b4 20. cxb4 Rxb4 21. fxg6 fxg6
22. Nh4 Rxf1+ 23. Bxf1 e6 24. Ng2 Qb6 25. Nf4 Rxb2 26. Rxb2 Qxb2 27. Qc4 Qd4+
0-1

[Event "Druzynowe Mistrzostwa Polski Juniorow 2019 - II Liga"]
[Site "Szczyrk"]
[Date "1899-12-30"]
[Round "6.80"]
[White "Budny, Piotr"]
[Black "Distel, Pawel"]
[Result "0-1"]
[WhiteTitle "II"]
[BlackTitle "I"]
[WhiteElo "1426"]
[BlackElo "1675"]

1. d4 Nf6 2. Bf4 g6 3. e3 Bg7 4. h3 O-O 5. Nf3 d6 6. c3 Nfd7 7. Bh2 Nc6 8. Nbd2
e5 9. Ne4 d5 10. Ng3 e4 11. Nd2 f5 12. c4 Ne7 13. cxd5 Nxd5 14. Bc4 N7b6 15. Bb3
Be6 16. Ne2 Kh8 17. Nf4 Nxf4 18. Bxf4 Bxb3 19. Qxb3 Nd5 20. Bh2 a5 21. O-O b6
22. Nc4 f4 23. Rad1 f3 24. Ne5 Qg5 25. g4 Qh4 26. Kh1 Qxh3 27. Rg1 Bxe5 28. dxe5
Nb4 29. Rg3 Qh4 30. Rd7 Nd3 31. Qc3 Nxf2+ 32. Kg1 Nxg4 33. e6+ Rf6 34. Rxh7+ Kxh7
35. Qxc7+ Kg8 0-1

[Event "Druzynowe Mistrzostwa Polski Juniorow 2019 - II Liga"]
[Site "Szczyrk"]
[Date "1899-12-30"]
[Round "6.81"]
[White "Kubik, Rafal"]
[Black "Nawalaniec, Adam"]
[Result "1-0"]
[WhiteTitle "II+"]
[BlackTitle "II"]
[WhiteElo "1473"]
[BlackElo "1318"]

1. e4 e5 2. Nf3 Nc6 3. Bc4 Bc5 4. c3 d6 5. d4 exd4 6. cxd4 Bb4+ 7. Nc3 Bxc3+ 8.
bxc3 Nf6 9. O-O O-O 10. Bd3 Bg4 11. h3 Bh5 12. Re1 Re8 13. Bg5 h6 14. Bh4 g5 15.
Bg3 Nd7 16. Re3 Ne7 17. Qc2 Nf8 18. e5 Nd5 19. Ree1 Bxf3 20. gxf3 dxe5 21. Bxe5
f6 22. Bg3 Kg7 23. Kh2 Ne6 24. Be4 Qd7 25. Bf5 Qc6 26. Bg6 Rf8 27. Bh5 f5 28.
Be5+ Kh7 29. Bg4 Kg6 30. h4 h5 31. Bh3 Ndf4 32. Rg1 Nxh3 33. Kxh3 Qxf3+ 34. Rg3
g4+ 35. Kh2 Qe4 36. Qb3 Rae8 37. Re3 Qc6 38. d5 Qd7 39. dxe6 Rxe6 40. Rae1 Qd8
41. Qxe6+ 1-0

[Event "Druzynowe Mistrzostwa Polski Juniorow 2019 - II Liga"]
[Site "Szczyrk"]
[Date "1899-12-30"]
[Round "6.82"]
[White "Klim, Juliusz"]
[Black "Karwot, Marek"]
[Result "1-0"]
[WhiteTitle "II"]
[BlackTitle "II"]
[WhiteElo "1220"]
[BlackElo "1107"]

1. e4 c5 2. Nf3 a6 3. c3 g6 4. d4 cxd4 5. cxd4 d5 6. e5 Nc6 7. Nc3 Bg4 8. Be2 Bxf3
9. Bxf3 e6 10. O-O Nh6 11. Be3 Nf5 12. Re1 Bg7 13. Qd2 O-O 14. Bg4 Nxe3 15. Rxe3
Bh6 16. Na4 Bxe3 17. Qxe3 b6 18. Rc1 Qc7 19. Rc3 Kg7 20. Qf4 Rh8 21. Qf6+ Kg8
22. Bxe6 fxe6 23. Qxe6+ Qf7 24. Qxc6 Kg7 25. Nxb6 Rab8 26. h3 Rhd8 27. Rf3 Qb7
28. Qf6+ Kg8 29. Rb3 Qf7 30. Qc6 Qb7 31. Nxd5 Qxc6 32. Ne7+ Kg7 33. Nxc6 Rxb3
34. axb3 Rc8 35. d5 Kf7 36. f4 Rc7 37. Kf2 Ke8 38. e6 a5 39. Ke2 Rb7 40. d6 Rb6
41. d7+ Kf8 42. e7+ Kg7 43. e8=Q 1-0

[Event "Druzynowe Mistrzostwa Polski Juniorow 2019 - II Liga"]
[Site "Szczyrk"]
[Date "1899-12-30"]
[Round "6.83"]
[White "Robakowska, Paulina"]
[Black "Michalska, Aleksandra"]
[Result "0-1"]
[WhiteTitle "I"]
[BlackTitle "I++"]
[WhiteElo "1291"]
[BlackElo "1741"]

1. d4 d5 2. Nf3 Nf6 3. g3 Bf5 4. Nc3 e6 5. Bg2 Bd6 6. O-O O-O 7. Nh4 Bg4 8. Nb5
Nbd7 9. Re1 Nb6 10. b3 Be7 11. f3 Bh5 12. Bf1 a6 13. Nc3 c5 14. Be3 Rc8 15. Qd2
Nfd7 16. dxc5 Nxc5 17. Ng2 e5 18. Bf2 Bg6 19. e4 dxe4 20. Qxd8 Rfxd8 21. fxe4
Ncd7 22. Re3 Bb4 23. Rd1 Re8 24. Na4 Rxc2 25. Red3 Nxa4 26. Rxd7 Nc3 27. Rd8 Kf8
28. Rxe8+ Kxe8 29. Bd3 Rxf2 30. Kxf2 Nxd1+ 31. Kf3 Nc3 32. a4 f6 33. Ne3 Bf7 34.
Nc4 b5 35. Nd2 bxa4 36. bxa4 Nxa4 37. Bxa6 Bxd2 38. Bb5+ Ke7 39. Bxa4 Bc4 40.
Bc2 h5 41. Kf2 g6 42. Kf3 Ke6 43. Ba4 f5 44. Bc6 Bd3 45. Bd5+ Kf6 46. exf5 gxf5
47. Bc6 e4+ 48. Kf2 e3+ 0-1

[Event "Druzynowe Mistrzostwa Polski Juniorow 2019 - II Liga"]
[Site "Szczyrk"]
[Date "1899-12-30"]
[Round "6.84"]
[White "Dzierzgowska, Jagoda"]
[Black "Czerwinska, Oliwia"]
[Result "1/2-1/2"]
[WhiteTitle "II+"]
[BlackTitle "I"]
[WhiteElo "1000"]
[BlackElo "1345"]

1. d4 d5 2. Nf3 Nf6 3. Bf4 e6 4. Nbd2 c5 5. e3 Nc6 6. Bb5 Bd7 7. O-O Qb6 8. Bxc6
Bxc6 9. b3 Be7 10. h3 O-O 11. Bg5 Rfe8 12. a3 h6 13. Bh4 Ne4 14. Nxe4 dxe4 15.
Bxe7 Rxe7 16. Ne5 f6 17. Nxc6 Qxc6 18. c3 c4 19. b4 a5 20. f3 axb4 21. axb4 Rxa1
22. Qxa1 f5 23. f4 b6 24. Kh2 Re8 25. Qb2 Ra8 26. Ra1 Rxa1 27. Qxa1 b5 28. Qa5
Qd7 29. Qa6 Kf7 30. g4 g6 31. Kg3 1/2-1/2

[Event "Druzynowe Mistrzostwa Polski Juniorow 2019 - II Liga"]
[Site "Szczyrk"]
[Date "1899-12-30"]
[Round "6.85"]
[White "Majdanski, Maksymilian"]
[Black "Niemier, Hubert"]
[Result "1-0"]
[WhiteTitle "I"]
[BlackTitle "I"]
[WhiteElo "1767"]
[BlackElo "1764"]

1. e4 c6 2. d4 d5 3. Nc3 dxe4 4. Nxe4 Nd7 5. Ng5 Ngf6 6. Bd3 g6 7. N1f3 Bg7 8.
O-O O-O 9. c3 h6 10. Nxf7 Rxf7 11. Bxg6 Rf8 12. Bc2 b6 13. Qd3 Bb7 14. Re1 c5
15. Nh4 Rf7 16. Qg3 Nf8 17. Bxh6 Kh8 18. Bg6 Nxg6 19. Nxg6+ Kh7 20. Ne5 Qf8 21.
Qg6+ Kg8 22. Nxf7 Qxf7 23. Qxg7+ Qxg7 24. Bxg7 Bc8 1-0

[Event "Druzynowe Mistrzostwa Polski Juniorow 2019 - II Liga"]
[Site "Szczyrk"]
[Date "1899-12-30"]
[Round "6.86"]
[White "Chaczynski, Kamil"]
[Black "Kowalski, Kacper"]
[Result "1-0"]
[WhiteTitle "I"]
[BlackTitle "II"]
[WhiteElo "1738"]
[BlackElo "1317"]

1. e4 e5 2. Nf3 Nc6 3. Bb5 a6 4. Ba4 Nf6 5. O-O d6 6. c3 Be7 7. Re1 b5 8. Bb3 Na5
9. Bc2 O-O 10. h3 Re8 11. d4 exd4 12. cxd4 Bf8 13. Bg5 c5 14. Nbd2 Be7 15. Nf1
Qc7 16. Ng3 h6 17. Bxf6 Bxf6 18. e5 dxe5 19. dxe5 Be7 20. Qd3 g6 21. e6 Bf6 22.
exf7+ Qxf7 23. Rxe8+ Qxe8 24. Re1 Qf7 25. Qd2 Nc4 26. Qxh6 Bg7 27. Qxg6 Qxg6 28.
Bxg6 Bb7 29. b3 Bxf3 30. bxc4 Bc6 31. Nf5 Bf8 32. Ne7+ Bxe7 33. Rxe7 bxc4 34.
Rc7 Bb5 35. h4 1-0

[Event "Druzynowe Mistrzostwa Polski Juniorow 2019 - II Liga"]
[Site "Szczyrk"]
[Date "1899-12-30"]
[Round "6.87"]
[White "Tarawski, Adrian"]
[Black "Skrzypinski, Jan"]
[Result "0-1"]
[WhiteTitle "II+"]
[BlackTitle "I"]
[WhiteElo "1562"]
[BlackElo "1400"]

1. d4 Nf6 2. Bf4 c5 3. d5 Qb6 4. Be5 g6 5. Nd2 d6 6. Bc3 Bg7 7. e4 Nbd7 8. Nc4
Qc7 9. a4 O-O 10. Bd3 b6 11. Nf3 Ba6 12. O-O Nxe4 13. Bxg7 Kxg7 14. Qe2 Nef6 15.
Qxe7 Bxc4 16. Ng5 Bxd5 0-1

[Event "Druzynowe Mistrzostwa Polski Juniorow 2019 - II Liga"]
[Site "Szczyrk"]
[Date "1899-12-30"]
[Round "6.88"]
[White "Kaczmarek, Jan"]
[Black "Lochinski, Pawel"]
[Result "1-0"]
[WhiteTitle "II"]
[BlackTitle "II"]
[WhiteElo "1000"]
[BlackElo "1138"]

1. d4 c5 2. d5 e5 3. c4 d6 4. Nc3 f5 5. e4 Nf6 6. Bd3 f4 7. Nf3 Be7 8. Bd2 Nbd7
9. a4 O-O 10. O-O Qe8 11. Re1 Kh8 12. Nb5 Qh5 13. Nc7 Rb8 14. Ne6 Rg8 15. Nfg5
Qg6 16. Qf3 Nf8 17. Qh3 Ne8 18. Bxf4 Nxe6 19. Qxh7+ Qxh7 20. Nf7# 1-0

[Event "Druzynowe Mistrzostwa Polski Juniorow 2019 - II Liga"]
[Site "Szczyrk"]
[Date "1899-12-30"]
[Round "6.89"]
[White "Zalucka, Emilia"]
[Black "Niemier, Martyna"]
[Result "1-0"]
[WhiteTitle "I"]
[BlackTitle "II"]
[WhiteElo "1440"]
[BlackElo "1163"]

1. e4 e6 2. d4 d5 3. e5 c5 4. c3 Nc6 5. Nf3 cxd4 6. cxd4 Nge7 7. Bd3 Qb6 8. O-O
Bd7 9. Bc2 Ng6 10. Nc3 Be7 11. h3 O-O 12. a3 f6 13. Bxg6 hxg6 14. Nh4 fxe5 15.
Nxg6 Qxd4 16. Nxf8 Qxd1 17. Rxd1 Rxf8 18. b4 a6 19. Ra2 e4 20. Nxe4 Ne5 21. Ng5
Bxg5 22. Bxg5 Nc4 23. h4 Bc6 24. f4 Re8 25. Rd3 e5 26. fxe5 Rxe5 27. Rg3 Kh7 28.
Bf4 Re4 29. Rf2 d4 30. Bd2 Re7 31. h5 Rd7 32. Rh3 d3 33. h6 gxh6 34. Bxh6 Kg6
35. Bd2 Nxa3 36. Rg3+ Kh7 37. Rf4 Rg7 38. Rxg7+ Kxg7 39. Rd4 Bb5 40. Bc3 Kg6 41.
Kf2 Nb1 42. Be1 Na3 43. Rd8 Kf5 44. Rf8+ Ke4 45. g4 Nb1 46. Rd8 Kf4 47. Rd4+ Kg5
48. Kg3 Na3 49. Rd5+ Kf6 50. g5+ Kg6 51. Kf4 Nc2 52. Bc3 Bc4 53. Rd6+ Kf7 54.
g6+ Ke7 55. Ke5 b5 56. Rxa6 Ne3 57. Ra7+ Kf8 58. g7+ Kg8 59. Bd2 Ng4+ 60. Kf5
Be6+ 61. Kxe6 Nh6 62. Ra8+ Kh7 63. Bxh6 Kxh6 64. g8=Q d2 65. Qg2 d1=Q 66. Rh8#
1-0

[Event "Druzynowe Mistrzostwa Polski Juniorow 2019 - II Liga"]
[Site "Szczyrk"]
[Date "1899-12-30"]
[Round "6.90"]
[White "Gac-mytych, Sara"]
[Black "Ziobrowska, Maja"]
[Result "0-1"]
[WhiteTitle "II"]
[BlackTitle "I"]
[WhiteElo "1043"]
[BlackElo "1491"]

1. e4 e5 2. Nf3 Nc6 3. Bb5 Nge7 4. c3 g6 5. d4 exd4 6. cxd4 d5 7. exd5 Nxd5 8.
Bg5 Qd6 9. Qe2+ Be6 10. O-O Bg7 11. Nc3 O-O 12. Nxd5 Qxd5 13. Bxc6 Qxc6 14. Rfd1
Rad8 15. Bxd8 Rxd8 16. Rac1 Qd6 17. b3 Qf4 18. Qe3 Qd6 19. h3 Bd5 20. a4 c6 21.
Re1 Be6 22. Rcd1 Qb4 23. Qg5 Rd7 24. Qc5 a5 25. Qxb4 axb4 26. Ne5 Bxe5 27. dxe5
Rxd1 28. Rxd1 Bxb3 29. Rd4 Bxa4 30. Rd8+ Kg7 31. Rd7 c5 32. Rxb7 b3 33. e6 Kf6
34. Rxf7+ Kxe6 35. Rxh7 c4 36. Rb7 c3 37. Rb6+ Kd5 38. Rxg6 b2 39. Rg5+ Kc4 40.
Kh2 b1=Q 41. Rg4+ Kd3 42. Rg3+ Kd2 43. h4 c2 44. h5 c1=Q 45. h6 Qh1# 0-1

[Event "Druzynowe Mistrzostwa Polski Juniorow 2019 - II Liga"]
[Site "Szczyrk"]
[Date "1899-12-30"]
[Round "6.91"]
[White "Kocierz, Pawel"]
[Black "Derylo, Kamil"]
[Result "0-1"]
[WhiteTitle "II"]
[BlackTitle "I+"]
[WhiteElo "1309"]
[BlackElo "2030"]

1. c4 e5 2. g3 Nf6 3. Bg2 d5 4. cxd5 Nxd5 5. Nc3 Nb6 6. Nf3 Nc6 7. O-O Be7 8. d3
O-O 9. Be3 Be6 10. d4 exd4 11. Nxd4 Nxd4 12. Bxd4 c6 13. e4 Qc7 14. Qc2 Rad8 15.
Rad1 Rfe8 16. f4 Bc4 17. Be5 Bd6 18. Bxd6 Rxd6 19. Rxd6 Qxd6 20. Rd1 Qc5+ 21.
Qf2 Qb4 22. a3 Qb3 23. Rd2 Ba6 24. Bf1 Bxf1 25. Kxf1 Nc4 26. Re2 Rd8 27. Qxa7
Nxb2 28. Qa5 b6 29. Qb4 Qxb4 30. axb4 Nc4 31. Ra2 Kf8 32. Ke2 Ke7 33. b5 Kd6 34.
bxc6 Kxc6 35. Nd5 Kc5 36. Ra7 f5 37. Rxg7 fxe4 38. Ne3 Nd6 39. Rxh7 Ra8 40. Rh5+
Kc6 41. Rd5 b5 42. Rd2 b4 43. Rb2 Kc5 44. Kd2 Ra3 45. Ke2 b3 46. h4 Ra2 47. Rxa2
bxa2 48. Nc2 Nf5 49. Kd2 Nxg3 50. Kc3 e3 51. Kb2 e2 52. Kxa2 Kc4 53. Kb2 Kd3 54.
Kc1 Nh5 55. Ne1+ Ke3 56. Nc2+ Kf2 57. f5 Nf6 58. Kd2 Ng4 59. h5 Ne3 60. Ne1 Nc4+
61. Kd3 Kxe1 62. h6 Ne5+ 63. Ke4 Nf7 64. Kf4 Nxh6 65. f6 Kd2 66. Kg5 Nf7+ 67.
Kg6 Ne5+ 0-1

[Event "Druzynowe Mistrzostwa Polski Juniorow 2019 - II Liga"]
[Site "Szczyrk"]
[Date "1899-12-30"]
[Round "6.92"]
[White "Derylo, Adam"]
[Black "Rzasa, Michal"]
[Result "0-1"]
[WhiteTitle "I"]
[BlackTitle "III"]
[WhiteElo "1460"]
[BlackElo "1347"]

1. e4 d5 2. exd5 Nf6 3. Bc4 Nxd5 4. Nf3 Bg4 5. d4 Nb6 6. Bxf7+ Kxf7 7. Ng5+ Ke8
8. Qxg4 Nc6 9. O-O Qxd4 10. Qe6 Qf6 11. Rd1 h6 12. Qxf6 exf6 13. Ne6 Kf7 14. Nxc7
Rc8 15. Bf4 Ne5 16. Bxe5 fxe5 17. Nb5 Rxc2 18. b3 Bc5 19. Nd2 a6 20. Ne4 axb5
21. Nxc5 Rxc5 22. Rd6 Rhc8 23. h3 R8c6 24. Rd8 Rc1+ 25. Rxc1 Rxc1+ 26. Kh2 Rc2
27. Rb8 Rc7 28. Kg3 Ke6 29. Kf3 Kd5 30. Rd8+ Rd7 31. Re8 Kd4 32. Re6 Nd5 33. a3
Rf7+ 34. Kg3 Rf6 35. Re8 e4 36. Rd8 Rg6+ 37. Kh2 Ke5 38. Rd7 b6 39. Rf7 Kd4 40.
Rd7 Rg5 41. h4 Rg6 42. g3 Kc5 43. Rd8 Rf6 44. Kg2 Rd6 45. Re8 Kd4 46. Rg8 Rd7
47. Re8 Kd3 48. Re6 e3 49. fxe3 Nxe3+ 50. Kh3 Nd5 51. Rc6 Rb7 52. Rd6 Kd4 53.
Kg4 Ke5 54. Rd8 Nf6+ 55. Kf3 Ra7 56. Rb8 Nd5 57. Re8+ Kf6 58. Rd8 Ke6 59. Re8+
Re7 60. Rc8 Rc7 61. Re8+ Kd6 62. Rd8+ Kc5 63. Ke4 Re7+ 64. Kf5 Re3 65. b4+ Kc4
66. g4 Ne7+ 67. Kf4 Rxa3 68. h5 Ra7 69. Rd6 Kxb4 70. Ke5 Kc5 71. Ke6 b4 72. Rd2
Kc4 73. Kf7 Nd5+ 74. Kg6 b3 75. g5 hxg5 76. Kxg5 Nb4 77. Rf2 Kc3 78. Rf3+ Nd3
0-1

[Event "Druzynowe Mistrzostwa Polski Juniorow 2019 - II Liga"]
[Site "Szczyrk"]
[Date "1899-12-30"]
[Round "6.93"]
[White "Czak, Dominik"]
[Black "Derylo, Maksymilian"]
[Result "1-0"]
[WhiteTitle "III"]
[BlackTitle "II"]
[WhiteElo "1297"]
[BlackElo "1357"]

1. d4 Nf6 2. c4 g6 3. Nc3 Bg7 4. e4 d6 5. f4 Bg4 6. Nf3 Nbd7 7. Be2 Bxf3 8. Bxf3
e5 9. fxe5 dxe5 10. d5 Nc5 11. Be3 Nfd7 12. b4 Na6 13. a3 O-O 14. O-O b6 15. Qa4
Nab8 16. Rab1 Qe7 17. Qc2 a5 18. Qf2 axb4 19. axb4 Na6 20. Nb5 Rfc8 21. Qd2 Bf8
22. Bg4 Rd8 23. Bg5 f6 24. Bxd7 fxg5 25. Be6+ Kh8 26. Qc3 Nxb4 27. Rf7 Qc5+ 28.
Kf1 Bg7 29. Qxb4 Qe3 30. Qe1 Qd3+ 31. Kg1 Qxc4 32. Rxc7 Qd3 33. Rc3 1-0

[Event "Druzynowe Mistrzostwa Polski Juniorow 2019 - II Liga"]
[Site "Szczyrk"]
[Date "1899-12-30"]
[Round "6.94"]
[White "Zhydachevskyy, Yulian"]
[Black "Galla, Wiktor"]
[Result "1-0"]
[WhiteTitle "II"]
[BlackTitle "III"]
[WhiteElo "1292"]
[BlackElo "1000"]

1. e4 e5 2. Nf3 Nc6 3. Bc4 Bc5 4. O-O Nf6 5. d4 Bxd4 6. Nxd4 Nxd4 7. f4 d6 8. fxe5
dxe5 9. Bg5 Bg4 10. Bxf6 Bxd1 11. Bxd8 Nxc2 12. Bxc7 Bh5 13. Bxe5 Nxa1 14. Na3
O-O 15. Bd6 Rfd8 16. e5 a6 17. Rxa1 Bg4 18. Bd5 Ra7 19. Rf1 Be6 20. Bxe6 fxe6
21. Nc2 b5 22. Nd4 Re8 23. Rc1 Kf7 24. b4 g6 25. Kf2 Rd7 26. Ne2 Ra7 27. Ng3 Kg7
28. Ne4 Rf7+ 29. Ke3 Ra8 30. Bc5 Rc7 31. Bf8+ Kxf8 32. Rxc7 a5 33. Rxh7 Ra6 34.
Nc5 Rc6 35. a3 axb4 36. axb4 Kg8 37. Rb7 Kf8 38. Rxb5 Ke8 39. g4 Rc7 40. Rb8+
Kf7 41. Rb7 Rxb7 42. Nxb7 g5 43. Nd6+ Ke7 44. b5 Kd7 45. b6 Kd8 46. b7 Kc7 47.
Kf3 Kb8 48. Kg3 Kc7 49. h4 gxh4+ 50. Kxh4 Kb8 51. g5 1-0

[Event "Druzynowe Mistrzostwa Polski Juniorow 2019 - II Liga"]
[Site "Szczyrk"]
[Date "1899-12-30"]
[Round "6.95"]
[White "Trusz, Julia"]
[Black "Laszczuk, Zuzanna"]
[Result "1/2-1/2"]
[WhiteTitle "I+"]
[BlackTitle "I"]
[WhiteElo "1649"]
[BlackElo "1323"]

1. e4 e5 2. Nf3 Nc6 3. d4 exd4 4. Nxd4 Bc5 5. Nb3 Bb6 6. Nc3 Nf6 7. Qe2 d6 8. f3
Be6 9. Be3 Qe7 10. O-O-O O-O-O 11. Kb1 h6 12. Qf2 Bxb3 13. axb3 Bxe3 14. Qxe3
d5 15. Nb5 dxe4 16. Bc4 Kb8 17. fxe4 Qxe4 18. Qxe4 Nxe4 19. Bxf7 Nf2 20. Rxd8+
Rxd8 21. Re1 Nb4 22. Kc1 Nbd3+ 23. cxd3 Nxd3+ 24. Kd2 Ne5+ 25. Kc2 Nxf7 26. Re7
Rf8 27. Nd4 Ng5 28. h4 c5 29. Ne2 Nf7 30. Nf4 Nd6 31. Nd3 Nf5 32. Re4 b6 33. Kc3
Nd4 34. Rg4 Nf5 35. Re4 Rd8 36. Rf4 Ne3 37. Rf7 Nxg2 38. Rxg7 Nxh4 39. Ne5 Rd6
40. Rh7 Nf5 41. Nf7 Rf6 42. Ne5 Re6 43. Ng4 Rg6 44. Ne5 Rg7 45. Rh8+ Kc7 46. Rf8
Ng3 47. Rh8 h5 48. Nd3 Rf7 49. Rh6 a6 50. Rh8 Ne4+ 51. Kc2 Nf6 52. Nf4 Ne4 53.
Nxh5 Rf2+ 54. Kd3 Nd2 55. Kc2 Nc4+ 56. Kc3 Nxb2 57. Rh6 Nd1+ 58. Kd3 Rh2 59. Rh7+
Kc6 60. Kc4 b5+ 61. Kd3 Nf2+ 62. Kc3 b4+ 63. Kc2 Ng4+ 64. Kc1 a5 65. Kb1 Kb5 66.
Rh8 Ne3 67. Rb8+ Kc6 68. Nf4 Nc2 69. Rc8+ Kd6 70. Nd3 Na3+ 71. Ka1 Rc2 72. Rd8+
Kc7 73. Ra8 c4 74. Rxa5 cxb3 75. Rc5+ Kb6 76. Rxc2 bxc2 77. Kb2 Kb5 78. Kb3 1/2-1/2